[Event "ch-UZB 2021"]
[Site "Tashkent UZB"]
[Date "2021.04.18"]
[Round "2.5"]
[White "Nodirbek Abdusattorov"]
[Black "Javokhir Sindarov"]
[Result "0-1"]
[EventDate "?"]
[WhiteElo "2627"]
[BlackElo "2544"]
[PlyCount "78"]

1. e4 c5 2. Nc3 g6 3. d4 cxd4 4. Qxd4 Nf6 5. Bb5 Nc6 6. Bxc6 dxc6 7. Qxd8+ Kxd8 8. Bf4 Ke8 9. O-O-O Nh5 10. Bc7 Bd7 11. h3 Bh6+ 12. Kb1 Nf4 13. Nge2 Nxg2 14. h4 Rc8 15. Bg3 f5 16. exf5 gxf5 17. Be5 Rf8 18. Rdg1 f4 19. f3 Ne3 20. Bg7 Bxg7 21. Rxg7 Rd8 22. Rxh7 Bf5 23. Rg7 Rd2 24. a3 Bxc2+ 25. Kc1 Nc4 26. Rg2 Bh7 27. Nxf4 Rxg2 28. Nxg2 Rxf3 29. Re1 Rg3 30. Re2 Bd3 31. Rf2 Rh3 32. Nd1 Rh1 33. h5 Be4 34. b3 Na5 35. Nf4 Nxb3+ 36. Kb2 Nc5 37. Nc3 Nd3+ 38. Nxd3 Bxd3 39. Rf3 Bh7 0-1

[Event "ch-UZB 2021"]
[Site "Tashkent UZB"]
[Date "2021.04.17"]
[Round "1.1"]
[White "Abdimalik Abdisalimov"]
[Black "Nodirbek Abdusattorov"]
[Result "0-1"]
[EventDate "?"]
[WhiteElo "2392"]
[BlackElo "2627"]
[PlyCount "74"]

1. d4 Nf6 2. c4 c5 3. d5 g6 4. Nc3 Bg7 5. e4 d6 6. Nge2 O-O 7. f3 e6 8. Ng3 exd5 9. cxd5 a6 10. a4 Nbd7 11. Be2 Rb8 12. Bf4 Ne8 13. Qd2 Ne5 14. O-O c4 15. Rab1 b5 16. axb5 axb5 17. b4 f5 18. Be3 fxe4 19. Ngxe4 Bf5 20. Rbe1 Nf7 21. g4 Bxe4 22. Nxe4 Ra8 23. Bd4 Ng5 24. Nc3 Nh3+ 25. Kh1 Bxd4 26. Qxd4 Nc7 27. f4 Qh4 28. Rd1 Ra3 29. Rc1 Rf7 30. Kg2 h5 31. Qe4 Qf6 32. Kxh3 Re7 33. Qf3 hxg4+ 34. Kxg4 Rh7 35. Qe4 Rxc3 36. Rxc3 Qxc3 37. Rf3 Qf6 0-1

[Event "PNWCC Super G60 Feb Gp1"]
[Site "chess.com INT"]
[Date "2021.02.28"]
[Round "4.2"]
[White "Nodirbek Abdusattorov"]
[Black "Igor Kovalenko"]
[Result "1-0"]
[EventDate "?"]
[WhiteElo "2627"]
[BlackElo "2643"]
[PlyCount "100"]

1. e4 c6 2. d4 d5 3. exd5 cxd5 4. Bd3 Nc6 5. c3 Nf6 6. Bf4 Bg4 7. Qb3 Qc8 8. Nd2 e6 9. Ngf3 Be7 10. O-O O-O 11. Rae1 Bh5 12. h4 h6 13. Qc2 Qd8 14. g3 Rc8 15. Qb1 a6 16. Kg2 b5 17. b4 Bd6 18. Bxd6 Bxf3+ 19. Nxf3 Qxd6 20. Re3 Ng4 21. Re2 Rc7 22. Nd2 e5 23. Bf5 Nf6 24. dxe5 Nxe5 25. Rfe1 Ned7 26. Re3 Nb6 27. Nf3 Na4 28. Qc2 Qd8 29. Nd4 Rc4 30. Rf3 Nxc3 31. Bd3 Rxd4 32. Qxc3 Qb6 33. Re7 Ne4 34. Rexf7 Rxf7 35. Qc8+ Kh7 36. Rxf7 Rxd3 37. Rf8 Rd2 38. Rh8+ Kg6 39. Qe8+ Kf5 40. Qh5+ Ng5 41. Rf8+ Ke4 42. hxg5 Kd4 43. Qf3 Rd3 44. Qf4+ Kc3 45. Rc8+ Kb2 46. Qc1+ Kxa2 47. Rc2+ Kb3 48. Rb2+ Ka4 49. Qa1+ Ra3 50. Qd1+ 1-0

[Event "PNWCC Super G60 Feb Gp1"]
[Site "chess.com INT"]
[Date "2021.02.28"]
[Round "6.3"]
[White "Nodirbek Abdusattorov"]
[Black "Vugar Rasulov"]
[Result "1-0"]
[EventDate "?"]
[WhiteElo "2627"]
[BlackElo "2478"]
[PlyCount "46"]

1. e4 c5 2. Nf3 d6 3. d4 cxd4 4. Nxd4 Nf6 5. Nc3 a6 6. Be3 Ng4 7. Bg5 h6 8. Bc1 Nc6 9. Nxc6 bxc6 10. Bd3 g5 11. Be2 Ne5 12. O-O Ng6 13. Bh5 Bg7 14. Ne2 Be6 15. Nd4 Bd7 16. Rb1 Rb8 17. b3 Bf6 18. Bb2 Nf4 19. Bg4 Bxg4 20. Qxg4 Qd7 21. Qd1 d5 22. e5 Bg7 23. g3 1-0

[Event "PNWCC Super G60 Feb Gp1"]
[Site "chess.com INT"]
[Date "2021.02.28"]
[Round "5.1"]
[White "Levan Pantsulaia"]
[Black "Nodirbek Abdusattorov"]
[Result "1-0"]
[EventDate "?"]
[WhiteElo "2553"]
[BlackElo "2627"]
[PlyCount "148"]

1. g3 Nf6 2. Bg2 e6 3. Nf3 b6 4. d3 d5 5. O-O Bb7 6. Nbd2 Nbd7 7. Re1 Bc5 8. h3 O-O 9. a3 a5 10. c4 Qe7 11. cxd5 exd5 12. Nb3 Rfe8 13. Bd2 Bd6 14. Nbd4 c5 15. Nf5 Qe6 16. Nxd6 Qxd6 17. b4 d4 18. bxa5 bxa5 19. Rb1 Bd5 20. a4 Qc6 21. Qc2 Ra6 22. Rb5 Qa8 23. Nh4 h6 24. e4 dxe3 25. Rxe3 g5 26. Bxd5 Qxd5 27. Ng2 Rae6 28. Rxa5 Rxe3 29. Nxe3 Qf3 30. Qb1 Ne5 31. Rxc5 Nfd7 32. Rd5 g4 33. hxg4 Qe2 34. Qd1 Qxd1+ 35. Nxd1 Nb6 36. Rb5 Nxa4 37. Bxh6 Nxd3 38. Be3 Re4 39. g5 Ne1 40. f4 Kg7 41. Kf2 Nc2 42. Rb7 Nc3 43. Nxc3 Rxe3 44. Nd5 Ra3 45. Nf6 Kg6 46. Ng4 Nd4 47. Ne5+ Kf5 48. Nxf7 Ra2+ 49. Ke3 Nc2+ 50. Kd3 Ne1+ 51. Kc4 Rc2+ 52. Kb3 Rg2 53. Nh6+ Ke4 54. Re7+ Kf3 55. g6 Rxg3 56. g7 Kxf4+ 57. Ka4 Nf3 58. g8=Q Rxg8 59. Nxg8 Nd4 60. Rd7 Ke4 61. Nf6+ Ke3 62. Kb4 Nf5 63. Kc3 Kf4 64. Kd3 Ke5 65. Ng4+ Ke6 66. Ra7 Nd6 67. Ne3 Nf7 68. Ra6+ Ke5 69. Nc4+ Kd5 70. Rf6 Nh8 71. Ne3+ Ke5 72. Ng4+ Kd5 73. Ke3 Nf7 74. Rxf7 1-0

[Event "PNWCC Super G60 Feb Gp1"]
[Site "chess.com INT"]
[Date "2021.02.27"]
[Round "1.5"]
[White "Nodirbek Abdusattorov"]
[Black "Zachary Tanenbaum"]
[Result "1-0"]
[EventDate "?"]
[WhiteElo "2627"]
[BlackElo "2137"]
[PlyCount "140"]

1. e4 e5 2. Nf3 Nc6 3. Bb5 a6 4. Bxc6 dxc6 5. O-O Qd6 6. d3 f6 7. Be3 Be6 8. Nbd2 O-O-O 9. d4 exd4 10. Nxd4 c5 11. Nxe6 Qxe6 12. h3 Bd6 13. Qg4 Qxg4 14. hxg4 Ne7 15. f4 Nc6 16. c3 Be7 17. Kf2 Rd3 18. Ke2 Rhd8 19. Rad1 b6 20. Rh1 h6 21. Nf3 Rxd1 22. Rxd1 Rxd1 23. Kxd1 Kd7 24. Ke2 Ke6 25. g3 Bd6 26. Nh4 Bf8 27. Nf5 Na5 28. Bf2 Nc4 29. b3 Nd6 30. Kd3 g6 31. Nh4 Kf7 32. Nf3 Bg7 33. Nh4 Nc8 34. Ng2 Ne7 35. Ne3 Ke6 36. Be1 b5 37. c4 c6 38. Ng2 Bf8 39. f5+ Kf7 40. Nf4 gxf5 41. gxf5 Nc8 42. Ne6 Nb6 43. g4 Nd7 44. Bg3 Be7 45. Nc7 bxc4+ 46. Kxc4 Nb6+ 47. Kd3 a5 48. Ne6 a4 49. bxa4 Nxa4 50. Bc7 Ke8 51. Bf4 Nb2+ 52. Kc2 Nc4 53. Kc3 Nb6 54. Bxh6 Bd6 55. Be3 Be5+ 56. Kc2 Nc4 57. Bxc5 Kd7 58. a4 Bd6 59. Bd4 Be5 60. Bxe5 Nxe5 61. g5 fxg5 62. Nxg5 c5 63. f6 Kd6 64. Kc3 Nd7 65. f7 Ke7 66. a5 Nb8 67. Kc4 Na6 68. Kb5 c4 69. Kxc4 Nc7 70. e5 1-0

[Event "PNWCC Super G60 Feb Gp1"]
[Site "chess.com INT"]
[Date "2021.02.27"]
[Round "2.4"]
[White "Ori Kobo"]
[Black "Nodirbek Abdusattorov"]
[Result "1/2-1/2"]
[EventDate "?"]
[WhiteElo "2460"]
[BlackElo "2627"]
[PlyCount "230"]

1. d4 Nf6 2. c4 e6 3. Nc3 d5 4. cxd5 Nxd5 5. e4 Nxc3 6. bxc3 c5 7. Nf3 cxd4 8. cxd4 Bb4+ 9. Bd2 Bxd2+ 10. Qxd2 O-O 11. Bc4 Nd7 12. O-O b6 13. Rad1 Bb7 14. Rfe1 Rc8 15. Bb3 h6 16. h3 Qc7 17. d5 Nc5 18. Nd4 exd5 19. e5 Ba6 20. Nf5 Rcd8 21. Qf4 Bc8 22. Nxh6+ gxh6 23. Re3 Kh7 24. Bc2+ Ne4 25. Rxd5 f5 26. Rxd8 Qxd8 27. Bxe4 fxe4 28. Qxe4+ Bf5 29. Qb4 Be6 30. Qe4+ Bf5 31. Qb4 Rf7 32. e6 Re7 33. Re5 Kg6 34. g4 Bxe6 35. Qe4+ Kf6 36. Qf4+ Kg7 37. Rh5 Qd1+ 38. Kh2 Bd5 39. Rxh6 Qh1+ 40. Kg3 Qf3+ 41. Qxf3 Bxf3 42. Rd6 Be2 43. f4 Re3+ 44. Kf2 Rd3 45. Re6 Bd1 46. Re7+ Kf6 47. Rxa7 b5 48. Ra6+ Ke7 49. Rb6 Rxh3 50. Rxb5 Bxg4 51. Rg5 Be6 52. a4 Ra3 53. a5 Kd6 54. Rb5 Bc4 55. Rh5 Bd5 56. a6 Kc5 57. Rh6 Kd4 58. f5 Ke5 59. f6 Rxa6 60. Rh5+ Ke6 61. Ke3 Ba2 62. Rh6 Kf5 63. Kd4 Bf7 64. Ke3 Ra4 65. Rh2 Kxf6 66. Rf2+ Ke6 67. Rf4 Ra1 68. Re4+ Kd5 69. Rd4+ Kc5 70. Rf4 Bd5 71. Rf2 Ra4 72. Rc2+ Kd6 73. Rh2 Rb4 74. Rh6+ Kc5 75. Rh2 Re4+ 76. Kd3 Rf4 77. Rc2+ Bc4+ 78. Ke3 Rh4 79. Rf2 Bd5 80. Rc2+ Kd6 81. Re2 Ke5 82. Kd3+ Be4+ 83. Kc3 Kd5 84. Ra2 Rh3+ 85. Kb4 Kd4 86. Rb2 Rh8 87. Ka3 Bd3 88. Rb4+ Bc4 89. Rb7 Rh3+ 90. Kb2 Rh2+ 91. Ka1 Kc3 92. Rb2 Rh1+ 93. Rb1 Rh5 94. Rc1+ Kb3 95. Rb1+ Ka3 96. Rb2 Rh1+ 97. Rb1 Rh2 98. Rb2 Rh3 99. Ra2+ Kb4 100. Rd2 Bd3 101. Kb2 Kc4 102. Rf2 Be4 103. Kc1 Kd4 104. Rd2+ Bd3 105. Kb2 Rh1 106. Kb3 Rh7 107. Rb2 Rc7 108. Ka3 Bc4 109. Rb4 Ra7+ 110. Kb2 Kd3 111. Rb8 Ra2+ 112. Kc1 Kc3 113. Kb1 Ra5 114. Rc8 Re5 115. Rd8 Re1+ 1/2-1/2

[Event "PNWCC Super G60 Jan Gp1"]
[Site "chess.com INT"]
[Date "2021.01.17"]
[Round "6.1"]
[White "Vladimir Fedoseev"]
[Black "Nodirbek Abdusattorov"]
[Result "1/2-1/2"]
[EventDate "?"]
[WhiteElo "2687"]
[BlackElo "2627"]
[PlyCount "92"]

1. e4 e5 2. Nf3 Nf6 3. Nxe5 d6 4. Nf3 Nxe4 5. Nc3 Nxc3 6. dxc3 Be7 7. Be3 O-O 8. Qd5 Nd7 9. Nd4 Nf6 10. Qf3 Ng4 11. O-O-O Re8 12. Kb1 Ne5 13. Qe2 Ng4 14. h3 Nxe3 15. Qxe3 c5 16. Ne2 Bd7 17. Nf4 Bc6 18. Bc4 Bg5 19. Qg3 Re4 20. Nh5 Rxc4 21. h4 Bh6 22. Rxd6 Qb8 23. Rhd1 Kh8 24. Qd3 Rd4 25. Rxd4 cxd4 26. g4 Qd6 27. g5 g6 28. gxh6 gxh5 29. cxd4 Qxh6 30. d5 Rd8 31. Qd4+ Qg7 32. Qxg7+ Kxg7 33. Rg1+ Kf6 34. dxc6 bxc6 35. c3 Rd5 36. Rg8 Rd1+ 37. Kc2 Rh1 38. Rc8 Rxh4 39. Rxc6+ Kg5 40. Rc5+ f5 41. Kd3 Re4 42. Rc7 Kg6 43. Rc6+ Kg5 44. Rc7 Kg6 45. Rc6+ Kg5 46. Rc7 1/2-1/2

[Event "PNWCC Super G60 Jan Gp1"]
[Site "chess.com INT"]
[Date "2021.01.17"]
[Round "5.1"]
[White "Nodirbek Abdusattorov"]
[Black "Daniel Fridman"]
[Result "1-0"]
[EventDate "?"]
[WhiteElo "2627"]
[BlackElo "2601"]
[PlyCount "106"]

1. e4 e5 2. Nf3 Nf6 3. d4 Nxe4 4. Bd3 Nc6 5. d5 Nf6 6. Nc3 Nb4 7. Nxe5 Nxd3+ 8. Qxd3 Qe7 9. Kd1 d6 10. Nc4 Qd7 11. Re1+ Be7 12. Qe2 Kf8 13. a4 b6 14. b3 Bb7 15. Ne3 a6 16. g4 Re8 17. h3 Bd8 18. Qf3 Re5 19. Bb2 h5 20. Kd2 c6 21. g5 Nxd5 22. Ne4 Rxg5 23. Nxg5 Bxg5 24. Bxg7+ Kxg7 25. Rg1 f6 26. h4 Nxe3 27. hxg5 Ng4 28. Rxg4 hxg4 29. Qxf6+ Kg8 30. Re1 Qf7 31. Qxd6 Qxf2+ 32. Re2 Qf7 33. Qd8+ Kg7 34. Qd4+ Kg8 35. g6 Qxg6 36. Qd8+ Kg7 37. Re7+ Kf6 38. Qd6+ Kg5 39. Qe5+ Kh4 40. Qxh8+ Kg3 41. Re3+ Kg2 42. Re2+ Kf3 43. Qh1+ Kf4 44. Qf1+ Kg5 45. Re5+ Kh4 46. Qh1+ Kg3 47. Qg1+ Kf3 48. Re3+ Kf4 49. Qf2+ Kg5 50. Re5+ Kh6 51. Qf8+ Qg7 52. Re6+ Kh7 53. Qf5+ 1-0

[Event "PNWCC Super G60 Jan Gp1"]
[Site "chess.com INT"]
[Date "2021.01.17"]
[Round "4.3"]
[White "Zhamsaran Tsydypov"]
[Black "Nodirbek Abdusattorov"]
[Result "0-1"]
[EventDate "?"]
[WhiteElo "2552"]
[BlackElo "2627"]
[PlyCount "58"]

1. e4 e5 2. Nf3 Nf6 3. d4 Nxe4 4. Bd3 d5 5. Nxe5 Nd7 6. O-O Nxe5 7. dxe5 Nc5 8. Nc3 Nxd3 9. Qxd3 c6 10. Qg3 Bf5 11. Re1 Qd7 12. Ne2 Bc5 13. c3 O-O 14. Be3 Bb6 15. Nf4 Rfe8 16. Bxb6 axb6 17. h4 Ra4 18. f3 d4 19. b3 Ra5 20. Rad1 d3 21. Qf2 h6 22. Qxb6 Raxe5 23. Rxe5 Rxe5 24. Qf2 Qd6 25. Nh5 Re2 26. Qg3 Qc5+ 27. Kh2 Qxc3 28. Rc1 Qb2 29. Rb1 Qd4 0-1

[Event "PNWCC Super G60 Jan Gp1"]
[Site "chess.com INT"]
[Date "2021.01.16"]
[Round "2.7"]
[White "Nodirbek Abdusattorov"]
[Black "Vugar Rasulov"]
[Result "1-0"]
[EventDate "?"]
[WhiteElo "2627"]
[BlackElo "2478"]
[PlyCount "110"]

1. e4 e5 2. Nf3 Nc6 3. Bc4 Bc5 4. b4 Bxb4 5. c3 Be7 6. d4 Na5 7. Bd3 exd4 8. cxd4 Nc6 9. O-O d6 10. Bb2 Nf6 11. Nbd2 O-O 12. Rc1 Bg4 13. h3 Bh5 14. g4 Bg6 15. Nh4 Nd7 16. Nxg6 hxg6 17. f4 g5 18. f5 Bf6 19. Nf3 Re8 20. Re1 a5 21. Bb5 a4 22. e5 dxe5 23. dxe5 a3 24. Bc3 Ndxe5 25. Nxe5 Qxd1 26. Rcxd1 Nxe5 27. Bxe8 Nf3+ 28. Kf2 Nxe1 29. Bxf6 Rxe8 30. Bc3 Ng2 31. Kxg2 Re2+ 32. Kf3 Rxa2 33. Rd2 Rxd2 34. Bxd2 c5 35. Ke4 b5 36. Kd5 b4 37. Bc1 a2 38. Bb2 f6 39. Kxc5 b3 40. Kc4 Kf7 41. Kxb3 Ke7 42. Ba3+ Kd7 43. Kxa2 Kc6 44. Bf8 Kd5 45. Bxg7 Ke5 46. Kb3 Kf4 47. Bxf6 Kg3 48. Bxg5 Kxh3 49. f6 Kxg4 50. f7 Kg3 51. f8=Q Kg2 52. Qf4 Kh1 53. Qg4 Kh2 54. Be3 Kh1 55. Qg1# 1-0

[Event "PNWCC Super G60 Jan Gp1"]
[Site "chess.com INT"]
[Date "2021.01.16"]
[Round "3.2"]
[White "Nodirbek Abdusattorov"]
[Black "Ryo Chen"]
[Result "1/2-1/2"]
[EventDate "?"]
[WhiteElo "2627"]
[BlackElo "2183"]
[PlyCount "110"]

1. e4 c5 2. Nf3 d6 3. d4 cxd4 4. Nxd4 Nf6 5. f3 e5 6. Nb3 d5 7. Bg5 d4 8. c3 Nc6 9. Bb5 h6 10. Bxf6 Qxf6 11. cxd4 Bb4+ 12. Nc3 O-O 13. Bxc6 bxc6 14. dxe5 Qxe5 15. Qd4 Qe7 16. O-O Be6 17. a3 Bd6 18. e5 Bc7 19. Nc5 Rfd8 20. Qe3 Bc4 21. Rfe1 Rd3 22. Qf2 Rxc3 23. e6 f6 24. bxc3 Bb6 25. Kh1 Bxc5 26. Qh4 Bxe6 27. Qe4 Kf7 28. Qxc6 Rc8 29. Qe4 Qd6 30. Rab1 Bb6 31. Rbd1 Qc6 32. Qh4 Kg8 33. Re4 Bd5 34. Re7 Bc5 35. Rxg7+ Kxg7 36. Qg4+ Kf8 37. Rxd5 Qxd5 38. Qxc8+ Ke7 39. Qc7+ Ke6 40. Qc8+ Kf7 41. Qc7+ Be7 42. Qxa7 Kg6 43. Qa4 Qe6 44. Qc2+ Kg7 45. g3 Bxa3 46. Kg2 Bc5 47. Qd2 h5 48. h4 Qf5 49. Qd1 Kh7 50. Qe2 Qb1 51. Qe4+ Qxe4 52. fxe4 Kg6 53. Kf3 Bd6 54. g4 Be5 55. g5 1/2-1/2

[Event "PNWCC Super G60 Jan Gp1"]
[Site "chess.com INT"]
[Date "2021.01.16"]
[Round "1.9"]
[White "Eric Li"]
[Black "Nodirbek Abdusattorov"]
[Result "0-1"]
[EventDate "?"]
[WhiteElo "2306"]
[BlackElo "2627"]
[PlyCount "72"]

1. d4 d5 2. c4 e6 3. Nc3 Be7 4. cxd5 exd5 5. Bf4 Nf6 6. e3 Bf5 7. Qb3 Nc6 8. Rc1 Na5 9. Qa4+ c6 10. Nf3 O-O 11. Ne5 Qb6 12. b3 Ne4 13. Nxe4 Bxe4 14. f3 Bf5 15. Bd3 Be6 16. O-O f6 17. Ng4 h5 18. Nf2 g5 19. Rc5 gxf4 20. Rxa5 fxe3 21. Nd1 Bb4 22. Rc5 Bxc5 23. dxc5 Qxc5 24. Kh1 d4 25. b4 Qc1 26. Qa5 Qd2 27. Nb2 e2 28. Qxh5 Qxd3 29. Rg1 Qe3 30. Qg6+ Kh8 31. Qg3 Rf7 32. Qh4+ Kg7 33. Qg3+ Qg5 34. Qd6 Qe5 35. Qc5 e1=Q 36. Qxe5 Qxe5 0-1

[Event "Chess.com Bullet op2"]
[Site "Chess.com INT"]
[Date "2020.12.19"]
[Round "10"]
[White "Nodirbek Abdusattorov"]
[Black "Rameshbabu Praggnanandhaa"]
[Result "0-1"]
[EventDate "?"]
[WhiteElo "2627"]
[BlackElo "2608"]
[Source "chessbites.com; date by Chess Assistant 21"]
[PlyCount "96"]

1. e4 c5 2. c3 Nf6 3. e5 Nd5 4. d4 cxd4 5. cxd4 d6 6. Nf3 e6 7. Bc4 dxe5 8. dxe5 Be7 9. O-O O-O 10. Qe2 Bd7 11. Rd1 Bc6 12. Nc3 Nxc3 13. bxc3 Qc7 14. Bd3 Nd7 15. Bf4 g6 16. Nd4 Rfd8 17. h4 Bf8 18. h5 Bg7 19. hxg6 hxg6 20. Bxg6 Nxe5 21. Bh5 Rd5 22. Re1 Qe7 23. Nxc6 bxc6 24. c4 Rc5 25. Rac1 Rd8 26. Bf3 Nd3 27. Be3 Nxc1 28. Rxc1 Bd4 29. Bf4 Qf6 30. Bg3 Qg5 31. Rd1 Qxg3 32. Rxd4 Qg5 33. Qe4 Rxd4 34. Qxd4 Qe5 35. Qd8+ Kg7 36. Qd3 Qf6 37. a4 Re5 38. Kf1 c5 39. Qc3 Rg5 40. Qd3 Qa1+ 41. Ke2 Re5+ 42. Be4 f5 43. Qg3+ Kf8 44. f3 Qb2+ 45. Ke3 Qd4+ 46. Kf4 fxe4 47. Kg4 exf3+ 48. Kxf3 0-1

[Event "Aeroflot Open"]
[Site "Moscow RUS"]
[Date "2020.02.26"]
[Round "8.22"]
[White "Nodirbek Abdusattorov"]
[Black "Kaido Kulaots"]
[Result "1/2-1/2"]
[EventDate "2020.02.19"]
[WhiteElo "2644"]
[BlackElo "2510"]
[PlyCount "79"]

1. e4 c5 2. Nf3 d6 3. d4 cxd4 4. Nxd4 Nf6 5. Nc3 a6 6. g3 e5 7. Nde2 Be7 8. Bg2 b5 9. Nd5 Nbd7 10. Nec3 Nb6 11. Nxe7 Qxe7 12. O-O O-O 13. Bg5 h6 14. Bxf6 Qxf6 15. a4 b4 16. Nd5 Nxd5 17. Qxd5 Be6 18. Qxd6 a5 19. Qb6 Rfc8 20. Rfc1 Qe7 21. c3 bxc3 22. Rxc3 Rcb8 23. Qc5 Qxc5 24. Rxc5 f6 25. f4 Rxb2 26. fxe5 fxe5 27. Rxe5 Bd7 28. Rc5 Ra7 29. e5 Kf7 30. Bd5+ Ke7 31. Rf1 Be8 32. Rc8 Rd2 33. Rc5 Re2 34. Bg8 Re4 35. e6 Re2 36. Bf7 Bxa4 37. Rc8 Rb7 38. Bh5 Reb2 39. Rc4 Be8 40. Bxe8 1/2-1/2

[Event "Aeroflot Open"]
[Site "Moscow RUS"]
[Date "2020.02.25"]
[Round "7.13"]
[White "Rasmus Svane"]
[Black "Nodirbek Abdusattorov"]
[Result "1-0"]
[EventDate "2020.02.19"]
[WhiteElo "2608"]
[BlackElo "2644"]
[PlyCount "81"]

1. d4 Nf6 2. c4 e6 3. Nf3 b6 4. g3 Bb7 5. Bg2 Be7 6. O-O O-O 7. Re1 Na6 8. Nc3 Ne4 9. Bf4 Qc8 10. h4 f5 11. Nxe4 Bxe4 12. Bh3 c5 13. dxc5 bxc5 14. Qd2 d6 15. Rad1 Rd8 16. h5 Nb4 17. h6 Nc2 18. Rf1 Bxf3 19. Qxc2 Be4 20. Qc1 Qb7 21. hxg7 Bf6 22. Bxd6 Qxb2 23. Qh6 Bxg7 24. Qxe6+ Kh8 25. Bxf5 Re8 26. Qf7 Bxf5 27. Qxf5 Qxe2 28. Qxc5 Qxa2 29. Bc7 Qa4 30. Rfe1 Rac8 31. Rxe8+ Qxe8 32. Qxa7 Qe2 33. Rd7 Qxc4 34. Bf4 Qg8 35. Be3 Rd8 36. Bd4 Rxd7 37. Qxd7 h6 38. Qxg7+ Qxg7 39. Bxg7+ Kxg7 40. Kg2 Kg6 41. Kh3 1-0

[Event "Aeroflot Open"]
[Site "Moscow RUS"]
[Date "2020.02.24"]
[Round "6.9"]
[White "Nodirbek Abdusattorov"]
[Black "Mikhail Antipov"]
[Result "1/2-1/2"]
[EventDate "2020.02.19"]
[WhiteElo "2644"]
[BlackElo "2562"]
[PlyCount "110"]

1. e4 e5 2. Nf3 Nc6 3. Bb5 Nf6 4. O-O Nxe4 5. Re1 Nd6 6. Nxe5 Be7 7. Bf1 Nxe5 8. Rxe5 O-O 9. Nc3 Ne8 10. Nd5 Bd6 11. Re1 c6 12. Ne3 Be7 13. Nf5 Bf6 14. Qe2 Kh8 15. Ne7 Nc7 16. Nxc8 Re8 17. Qd1 Rxe1 18. Qxe1 Rxc8 19. c3 d5 20. d4 Bg5 21. Qe5 Bxc1 22. Rxc1 Qe8 23. g3 f6 24. Qd6 Qf8 25. Qd7 Qe8 26. Qd6 Qf8 27. Qd7 Qe8 28. Qh3 Rd8 29. Bd3 g6 30. Qh6 Qf8 31. Qf4 Ne6 32. Qf3 Re8 33. h4 f5 34. Rc2 Nd8 35. Re2 Nf7 36. c4 Rxe2 37. Qxe2 Qd6 38. cxd5 cxd5 39. Bc2 f4 40. Qf3 Kg7 41. gxf4 Nh6 42. Bb3 Nf5 43. Bxd5 b6 44. Qe4 Qf6 45. Qe5 Nxd4 46. Qc7+ Kh6 47. Bg8 Kh5 48. Qxh7+ Kg4 49. Bb3 Qc6 50. Qe7 Nf3+ 51. Kg2 Nd2+ 52. Kh2 Nf3+ 53. Kg2 Nd2+ 54. Kh2 Nf3+ 55. Kg2 Nd2+ 1/2-1/2

[Event "Aeroflot Open"]
[Site "Moscow RUS"]
[Date "2020.02.23"]
[Round "5.11"]
[White "Aleksandr Shimanov"]
[Black "Nodirbek Abdusattorov"]
[Result "1/2-1/2"]
[EventDate "2020.02.19"]
[WhiteElo "2587"]
[BlackElo "2644"]
[PlyCount "112"]

1. c4 e6 2. Nc3 d5 3. d4 c5 4. e3 Nf6 5. Nf3 Nc6 6. a3 dxc4 7. Bxc4 a6 8. O-O b5 9. Ba2 Bb7 10. d5 exd5 11. Nxd5 Be7 12. e4 O-O 13. Bf4 c4 14. Re1 Rc8 15. Nxe7+ Nxe7 16. Qc2 Ng6 17. Rad1 Qb6 18. Bg5 Rfe8 19. Bxf6 Qxf6 20. Bb1 Rcd8 21. Rxd8 Rxd8 22. Qc3 Nf4 23. Qxf6 gxf6 24. Kf1 Nd3 25. Rd1 Bxe4 26. Ne1 Kg7 27. Bxd3 cxd3 28. f3 Bg6 29. Rd2 Kh6 30. Kf2 b4 31. axb4 Rd4 32. g3 Rxb4 33. Nxd3 Bxd3 34. Rxd3 Rxb2+ 35. Ke3 a5 36. Rd5 a4 37. Ra5 Rb4 38. g4 Kg7 39. Ra6 f5 40. gxf5 Rh4 41. h3 Rb4 42. Kd3 Rf4 43. Ke3 Rc4 44. Kd3 Rb4 45. Ke3 h6 46. Kf2 h5 47. Ke3 Rb3+ 48. Kf4 a3 49. Kg5 Rxf3 50. f6+ Kh7 51. h4 Rb3 52. Kxh5 Rb5+ 53. Kg4 Rb4+ 54. Kg5 Rb5+ 55. Kg4 Rb4+ 56. Kg5 Rb5+ 1/2-1/2

[Event "Aeroflot Open"]
[Site "Moscow RUS"]
[Date "2020.02.22"]
[Round "4.25"]
[White "Nodirbek Abdusattorov"]
[Black "Kirill Stupak"]
[Result "1-0"]
[EventDate "2020.02.19"]
[WhiteElo "2644"]
[BlackElo "2518"]
[PlyCount "59"]

1. e4 e6 2. d4 d5 3. Nc3 Nc6 4. e5 f6 5. Nf3 fxe5 6. dxe5 g6 7. h4 Bg7 8. Bb5 Bd7 9. Bg5 Nce7 10. Bd3 c6 11. h5 Qc7 12. hxg6 h6 13. Bh4 O-O-O 14. O-O c5 15. b3 Rf8 16. Bg3 Nf5 17. Bxf5 Rxf5 18. Nh4 Rg5 19. Nxd5 exd5 20. e6 Qc6 21. exd7+ Qxd7 22. Qf3 Ne7 23. Rae1 Rf8 24. Qe3 Nc6 25. Qxc5 Rxg3 26. fxg3 Bd4+ 27. Qxd4 Rxf1+ 28. Rxf1 Nxd4 29. Rf8+ Kc7 30. Rf7 1-0

[Event "Aeroflot Open"]
[Site "Moscow RUS"]
[Date "2020.02.21"]
[Round "3.21"]
[White "Sandipan Chanda"]
[Black "Nodirbek Abdusattorov"]
[Result "1/2-1/2"]
[EventDate "2020.02.19"]
[WhiteElo "2552"]
[BlackElo "2644"]
[PlyCount "141"]

1. d4 d5 2. Nf3 Nf6 3. Bf4 c5 4. e3 Nc6 5. Nbd2 e6 6. c3 Bd6 7. Bg3 O-O 8. Bb5 Bxg3 9. hxg3 Qb6 10. a4 Bd7 11. Qb1 h6 12. O-O Rfc8 13. Bxc6 Bxc6 14. Ne5 a5 15. f4 Be8 16. g4 Nh7 17. Nd3 cxd4 18. exd4 f6 19. Rf2 Bg6 20. f5 Bf7 21. Nf3 exf5 22. gxf5 Re8 23. Qf1 Qd6 24. Re1 Rxe1 25. Qxe1 b6 26. Re2 Ng5 27. Nxg5 hxg5 28. g4 Qc6 29. Re7 Kf8 30. Kg2 Rd8 31. Ra7 Re8 32. Qg3 Rc8 33. Qe3 Re8 34. Qg3 Re7 35. Qb8+ Be8 36. Rxe7 Kxe7 37. Qa7+ Kf8 38. Qb8 g6 39. fxg6 Kg7 40. Nf2 Qe6 41. Qa7+ Kxg6 42. b4 Bxa4 43. bxa5 bxa5 44. Qxa5 Qd7 45. Qc5 Kf7 46. Kg3 Bb3 47. Qb6 Bc2 48. Qb2 Ba4 49. Qb1 Kg7 50. Qe1 Bb5 51. Qe3 Kf7 52. Kg2 Ba6 53. Qh3 Kg7 54. Nd1 Qb5 55. Qf3 Qb1 56. Ne3 Bd3 57. Nf5+ Kg6 58. Ng3 Qa2+ 59. Kh3 Bb1 60. Qf1 Qb3 61. Qa6 Qxc3 62. Qe6 Qc7 63. Qxd5 Bd3 64. Qe6 Qc4 65. d5 Bf1+ 66. Nxf1 Qxf1+ 67. Kg3 Qd3+ 68. Kf2 Qd2+ 69. Kf3 Qd3+ 70. Kf2 Qd2+ 71. Kf3 1/2-1/2

[Event "Aeroflot Open"]
[Site "Moscow RUS"]
[Date "2020.02.20"]
[Round "2.38"]
[White "Nodirbek Abdusattorov"]
[Black "Raunak Sadhwani"]
[Result "1-0"]
[EventDate "2020.02.19"]
[WhiteElo "2644"]
[BlackElo "2522"]
[PlyCount "101"]

1. e4 e5 2. Nf3 Nf6 3. Nxe5 d6 4. Nf3 Nxe4 5. d4 d5 6. Bd3 Bd6 7. O-O O-O 8. c4 c6 9. Qc2 h6 10. Re1 Be6 11. cxd5 cxd5 12. Bxe4 dxe4 13. Qxe4 Bd5 14. Qg4 Qd7 15. Qxd7 Nxd7 16. Nc3 Bxf3 17. gxf3 Rfd8 18. Be3 Nf8 19. Red1 Ng6 20. Rac1 Rac8 21. Ne4 Rxc1 22. Rxc1 Bb8 23. Nc5 b6 24. Nb7 Rf8 25. d5 f5 26. d6 Ne5 27. Kf1 Nd7 28. Bd4 Re8 29. h4 Kf7 30. h5 g6 31. Rc7 Bxc7 32. dxc7 Ke7 33. hxg6 Nf8 34. g7 Ng6 35. Nd8 Kd7 36. Bf6 Nf4 37. Nf7 Nh5 38. Be5 Rg8 39. Nxh6 Rxg7 40. Nxf5 Rg8 41. Bd6 Rh8 42. Ne7 Kxd6 43. c8=Q Rxc8 44. Nxc8+ Kc5 45. Ke2 a5 46. Ke3 a4 47. Ke4 Nf6+ 48. Ke5 Nd5 49. a3 b5 50. f4 b4 51. f5 1-0

[Event "Aeroflot Open"]
[Site "Moscow RUS"]
[Date "2020.02.19"]
[Round "1.10"]
[White "Deep Sengupta"]
[Black "Nodirbek Abdusattorov"]
[Result "1-0"]
[EventDate "2020.02.19"]
[WhiteElo "2534"]
[BlackElo "2644"]
[PlyCount "111"]

1. d4 d5 2. Bf4 Nf6 3. e3 c5 4. Nc3 cxd4 5. exd4 a6 6. Nf3 Bg4 7. h3 Bxf3 8. Qxf3 e6 9. O-O-O Bd6 10. g4 Nc6 11. Kb1 Rc8 12. Bxd6 Qxd6 13. g5 Nd7 14. h4 O-O 15. Rg1 f5 16. Qg3 Qc7 17. Bg2 Qxg3 18. fxg3 Nb6 19. Rge1 Rce8 20. Ne2 Re7 21. Nf4 Rfe8 22. b3 Kf8 23. Bf3 Nc8 24. g4 Nd6 25. g6 h6 26. Kb2 fxg4 27. Bxg4 Ne4 28. Re2 b5 29. c3 Kg8 30. a3 a5 31. b4 Nd8 32. Rde1 Nb7 33. Rxe4 dxe4 34. Rxe4 Nd6 35. Bxe6+ Kh8 36. Re5 axb4 37. cxb4 Rf8 38. Nd3 Rf3 39. Kc2 Rf6 40. Bf7 Ra7 41. h5 Rxa3 42. Re7 Rf3 43. Rd7 Nxf7 44. Ne5 Rf2+ 45. Kb1 Kg8 46. gxf7+ Kh7 47. Rd8 Rb3+ 48. Kc1 Rxf7 49. Nxf7 g5 50. Ne5 Kg7 51. Rd6 Rxb4 52. Kc2 Ra4 53. Kd3 Ra3+ 54. Ke4 b4 55. Rg6+ Kh7 56. Ng4 1-0

[Event "4th Mersin Open 2019"]
[Site "Mersin TUR"]
[Date "2019.11.22"]
[Round "9.1"]
[White "Meilis Annaberdiev"]
[Black "Nodirbek Abdusattorov"]
[Result "1/2-1/2"]
[EventDate "?"]
[WhiteElo "2515"]
[BlackElo "2633"]
[PlyCount "42"]

1. d4 Nf6 2. Nf3 d5 3. c4 e6 4. Nc3 Be7 5. Bg5 h6 6. Bxf6 Bxf6 7. e3 O-O 8. Rc1 dxc4 9. Bxc4 Nd7 10. O-O c5 11. Ne4 cxd4 12. Nxf6+ Nxf6 13. Qxd4 Qxd4 14. Nxd4 Bd7 15. Be2 Rac8 16. f4 Rfd8 17. Bf3 Nd5 18. Bxd5 exd5 19. Kf2 Kf8 20. Ke2 Ke7 21. Kd2 Kd6 1/2-1/2